Moscow Metro Stations with a Map - Statistics

General Stats
  • This quiz has been taken 13 times
  • The average score is 25 of 159
Answers on the Map
Answers color-coded by a green-red scale on the quiz's map according to % correct below.
 
Answer Stats
Line Answer % Correct
Circular Line | Zamoskvoretskaya Line Belorusskaya
64%
Zamoskvoretskaya Line Dinamo
55%
Arbatsko - Pokrovskaya Line | Circular Line | Filovskaya Line Kievskaya
55%
Zamoskvoretskaya Line Sokol
55%
Zamoskvoretskaya Line Aeroport
45%
Zamoskvoretskaya Line Mayakovskaya
45%
Tagansko - Krasnopresnenskaya Line Pushkinskaya
45%
Zamoskvoretskaya Line Teatralnaya
45%
Zamoskvoretskaya Line Tverskaya
45%
Zamoskvoretskaya Line Vodny Stadion
45%
Circular Line | Sokolnicheskaya Line Park Kultury
36%
Kaluzhsko - Rizhskaya Line Rizhskaya
36%
Arbatsko - Pokrovskaya Line | Filovskaya Line Arbatskaya
27%
Serpukhovsko - Timiryazevskaya Line Chekhovskaya
27%
Filovskaya Line Fili
27%
Arbatsko - Pokrovskaya Line | Circular Line Kurskaya
27%
Tagansko - Krasnopresnenskaya Line Kuzminki
27%
Sokolnicheskaya Line Lubyanka
27%
Serpukhovsko - Timiryazevskaya Line Mendeleyevskaya
27%
Sokolnicheskaya Line Okhotny Ryad
27%
Arbatsko - Pokrovskaya Line | Filovskaya Line Smolenskaya
27%
Sokolnicheskaya Line Sokolniki
27%
Circular Line | Tagansko - Krasnopresnenskaya Line Taganskaya
27%
Sokolnicheskaya Line Universitet
27%
Kaluzhsko - Rizhskaya Line VDNKh
27%
Zamoskvoretskaya Line Voikovskaya
27%
Tagansko - Krasnopresnenskaya Line Vykhino
27%
Filovskaya Line Alexandrovsky Sad
18%
Serpukhovsko - Timiryazevskaya Line Altufyevo
18%
Zamoskvoretskaya Line Avtozavodskaya
18%
Filovskaya Line Bagrationovskaya
18%
Tagansko - Krasnopresnenskaya Line Barrikadnaya
18%
Tagansko - Krasnopresnenskaya Line Begovaya
18%
Serpukhovsko - Timiryazevskaya Line Borovitskaya
18%
Serpukhovsko - Timiryazevskaya Line Dmitrovskaya
18%
Circular Line Dobryninskaya
18%
Filovskaya Line Filyovsky Park
18%
Kaluzhsko - Rizhskaya Line Kaluzhskaya
18%
Kakhovskaya Line | Zamoskvoretskaya Line Kashirskaya
18%
Tagansko - Krasnopresnenskaya Line Kitai-Gorod
18%
Kaluzhsko - Rizhskaya Line Kitai Gorod
18%
Circular Line | Sokolnicheskaya Line Komsomolskaya
18%
Circular Line Krasnopresnenskaya
18%
Filovskaya Line Kuntsevskaya
18%
Tagansko - Krasnopresnenskaya Line Kuznetsky Most
18%
Kaluzhsko - Rizhskaya Line Leninsky Prospekt
18%
Kalininskaya Line Marksistskaya
18%
Zamoskvoretskaya Line Novokuznetskaya
18%
Circular Line Novoslobodskaya
18%
Circular Line | Kaluzhsko - Rizhskaya Line Oktyabrskaya
18%
Circular Line | Zamoskvoretskaya Line Paveletskaya
18%
Serpukhovsko - Timiryazevskaya Line Petrovsko-Razumovskaya
18%
Tagansko - Krasnopresnenskaya Line Planernaya
18%
Tagansko - Krasnopresnenskaya Line Proletarskaya
18%
Circular Line | Kaluzhsko - Rizhskaya Line Prospekt Mira
18%
Zamoskvoretskaya Line Rechnoi Vokzal
18%
Lyublinskaya Line Rimskaya
18%
Serpukhovsko - Timiryazevskaya Line Serpukhovskaya
18%
Sokolnicheskaya Line Sportivnaya
18%
Serpukhovsko - Timiryazevskaya Line Timiryazevskaya
18%
Kaluzhsko - Rizhskaya Line Turgenevskaya
18%
Kaluzhsko - Rizhskaya Line Tyoply Stan
18%
Serpukhovsko - Timiryazevskaya Line Vladykino
18%
Kalininskaya Line Aviamotornaya
9%
Arbatsko - Pokrovskaya Line Baumanskaya
9%
Serpukhovsko - Timiryazevskaya Line Bibirevo
9%
Kaluzhsko - Rizhskaya Line Botanichesky Sad
9%
Lyublinskaya Line Bratislavskaya
9%
Sokolnicheskaya Line Cherkizovskaya
9%
Sokolnicheskaya Line Chistyie Prudy
9%
Lyublinskaya Line Chkalovskaya
9%
Zamoskvoretskaya Line Domodedovskaya
9%
Arbatsko - Pokrovskaya Line Elektrozavodskaya
9%
Sokolnicheskaya Line Frunzenskaya
9%
Kakhovskaya Line Kakhovskaya
9%
Zamoskvoretskaya Line Kantemirovskaya
9%
Zamoskvoretskaya Line Kolomenskaya
9%
Kaluzhsko - Rizhskaya Line Konkovo
9%
Zamoskvoretskaya Line Krasnogvardeiskaya
9%
Sokolnicheskaya Line Krasnoselskaya
9%
Sokolnicheskaya Line Krasnyie Vorota
9%
Lyublinskaya Line Krestianskaya Zastava
9%
Sokolnicheskaya Line Kropotkinskaya
9%
Filovskaya Line Krylatskoye
9%
Filovskaya Line Kutuzovskaya
9%
Kaluzhsko - Rizhskaya Line Medvedkovo
9%
Filovskaya Line Molodyozhnaya
9%
Tagansko - Krasnopresnenskaya Line Oktyabrskoye Pole
9%
Zamoskvoretskaya Line Orekhovo
9%
Serpukhovsko - Timiryazevskaya Line Otradnoye
9%
Lyublinskaya Line Pechatniki
9%
Kalininskaya Line Perovo
9%
Filovskaya Line Pionerskaya
9%
Arbatsko - Pokrovskaya Line Ploshchad Revolutsii
9%
Tagansko - Krasnopresnenskaya Line Polezhayevskaya
9%
Serpukhovsko - Timiryazevskaya Line Polyanka
9%
Sokolnicheskaya Line Preobrazhenskaya Ploshchad
9%
Tagansko - Krasnopresnenskaya Line Ryazansky Prospekt
9%
Serpukhovsko - Timiryazevskaya Line Savyolovskaya
9%
Arbatsko - Pokrovskaya Line Semyonovskaya
9%
Kaluzhsko - Rizhskaya Line Shabolovskaya
9%
Kalininskaya Line Shosse Entuziastov
9%
Tagansko - Krasnopresnenskaya Line Skhodnenskaya
9%
Filovskaya Line Studencheskaya
9%
Kaluzhsko - Rizhskaya Line Sukharevskaya
9%
Kaluzhsko - Rizhskaya Line Sviblovo
9%
Kalininskaya Line | Kaluzhsko - Rizhskaya Line Tretyakovskaya
9%
Zamoskvoretskaya Line Tsaritsino
9%
Tagansko - Krasnopresnenskaya Line Tushinskaya
9%
Tagansko - Krasnopresnenskaya Line Volgogradsky Prospekt
9%
Kaluzhsko - Rizhskaya Line Yasenevo
9%
Sokolnicheskaya Line Yugo-Zapadnaya
9%
Kaluzhsko - Rizhskaya Line Akademicheskaya
0%
Kaluzhsko - Rizhskaya Line Alexeevskaya
0%
Kaluzhsko - Rizhskaya Line Babushkinskaya
0%
Kaluzhsko - Rizhskaya Line Belyaevo
0%
Sokolnicheskaya Line Biblioteka Lenina
0%
Kaluzhsko - Rizhskaya Line Bitsevsky Park
0%
Serpukhovsko - Timiryazevskaya Line Chertanovskaya
0%
Tagansko - Krasnopresnenskaya Line Ilitsa 1905th Goda
0%
Arbatsko - Pokrovskaya Line Izmailovskaya
0%
Arbatsko - Pokrovskaya Line Izmailovskaya Park
0%
Lyublinskaya Line Kozhukhovskaya
0%
Lyublinskaya Line Lyublino
0%
Lyublinskaya Line Maryino
0%
Serpukhovsko - Timiryazevskaya Line Nagatinskaya
0%
Serpukhovsko - Timiryazevskaya Line Nagornaya
0%
Serpukhovsko - Timiryazevskaya Line Nakhimovsky Prospekt
0%
Kalininskaya Line Novogireevo
0%
Kaluzhsko - Rizhskaya Line Novye Cheremushki
0%
Arbatsko - Pokrovskaya Line Pervomaiskaya
0%
Kalininskaya Line Ploshchad Ilyicha
0%
Serpukhovsko - Timiryazevskaya Line Prazhskaya
0%
Kaluzhsko - Rizhskaya Line Profsouznaya
0%
Sokolnicheskaya Line Prospekt Vernadskovo
0%
Serpukhovsko - Timiryazevskaya Line Sevastopolskaya
0%
Arbatsko - Pokrovskaya Line Shchelkovskaya
0%
Tagansko - Krasnopresnenskaya Line Shchukinskaya
0%
Tagansko - Krasnopresnenskaya Line Tekstilshchiki
0%
Serpukhovsko - Timiryazevskaya Line Tsvetnoi Bulvar
0%
Serpukhovsko - Timiryazevskaya Line Tulskaya
0%
Sokolnicheskaya Line Ulitsa Podbelskovo
0%
Kakhovskaya Line Varshavskaya
0%
Lyublinskaya Line Volzhskaya
0%
Serpukhovsko - Timiryazevskaya Line Yuzhnaya
0%
No matching quizzes found
Score Distribution
Percent of People with Each Score
Percentile by Number Answered
Your Score History
You have not taken this quiz